[Event "Online Olym Top DivB 2020"]
[Site "chess.com INT"]
[Date "2020.08.23"]
[Round "8.3"]
[Board "6"]
[White "Garcia Martin, Marta"]
[Black "Gaal, Zsoka"]
[Result "1/2-1/2"]
[WhiteTitle "IM"]
[BlackTitle "WFM"]
[WhiteElo "2328"]
[BlackElo "2221"]
[WhiteTeam "Spain"]
[BlackTeam "Hungary"]
[WhiteFideId "32084030"]
[BlackFideId "777765"]
[EventDate "2020.08.21"]
[EventType "team"]

1. e4 c5 2. Nf3 e6 3. b3 a6 4. Bb2 Nc6 5. c4 Nf6 6. Nc3 d6 7. d4 Qa5 8. d5 Ne5
9. Nxe5 dxe5 10. Qd2 exd5 11. exd5 Bd6 12. Bd3 O-O 13. O-O Bd7 14. a4 Qc7 15.
Qc2 Rfe8 16. h3 g6 17. Rfe1 Bf8 18. Rad1 Bg7 19. Qc1 Rad8 20. Qa1 Bc8 21. a5 Nh5
22. Ne4 f5 23. Ng5 h6 24. Ne6 Bxe6 25. dxe6 Rxe6 26. Be2 Rxd1 27. Rxd1 Rd6 28.
Bxh5 gxh5 29. Bc3 Qd7 30. Re1 e4 31. Bxg7 Qxg7 32. Qa4 Rg6 33. Qe8+ Kh7 34. g3
h4 35. Qc8 Rg5 36. Kh1 hxg3 37. fxg3 Qc3 38. Qd7+ Kh8 39. Rg1 Qf3+ 40. Kh2 Qf2+
41. Rg2 Qd4 42. Qc8+ Rg8 43. Qxf5 e3 44. Qe6 Kh7 45. Re2 Rf8 46. Qxe3 Qxe3 47.
Rxe3 Rf2+ 48. Kg1 Ra2 49. Re7+ Kg6 50. Rxb7 Rxa5 51. Kf2 Ra3 52. Kf3 a5 53. Kf4
a4 54. Rb6+ Kg7 55. bxa4 Rxa4 56. Rb7+ Kg6 57. Rb6+ Kg7 58. Rb7+ Kg6 1/2-1/2

[Event "Online Olym Top DivB 2020"]
[Site "chess.com INT"]
[Date "2020.08.23"]
[Round "8.4"]
[Board "1"]
[White "Solomon, Kenny"]
[Black "Kazhgaleyev, Murtas"]
[Result "1/2-1/2"]
[WhiteTitle "GM"]
[BlackTitle "GM"]
[WhiteElo "2362"]
[BlackElo "2569"]
[WhiteTeam "South Africa"]
[BlackTeam "Kazakhstan"]
[WhiteFideId "14300192"]
[BlackFideId "13700316"]
[EventDate "2020.08.21"]
[EventType "team"]

1. d4 Nf6 2. Nf3 e6 3. c4 Bb4+ 4. Nbd2 O-O 5. a3 Be7 6. e4 d6 7. Qc2 c5 8. d5 e5
9. h3 Nh5 10. g3 Na6 11. Be2 g6 12. Nb1 f5 13. Nc3 Ng7 14. Bh6 Nc7 15. h4 Nce8
16. Ng5 a6 17. a4 Bf6 18. Rg1 Rb8 19. exf5 Bxf5 20. Qd2 Bxg5 21. Bxg5 Nf6 22. g4
Bd7 23. h5 gxh5 24. gxh5 Kh8 25. Bh4 Nf5 26. Qg5 Qe7 27. h6 Rf7 28. O-O-O Nxh4
29. Qxh4 Rbf8 30. Rg5 Ng8 31. Rdg1 Qf6 32. Ne4 Qxh6 33. Qg3 Ne7 34. Kd1 Bf5 35.
Rh5 Qg6 36. Rg5 Bxe4 37. Rxg6 Bxg6 38. f3 Rg8 39. Qh2 Rfg7 40. Kd2 Nf5 41. Bd1
Nd4 42. Qh4 Rf7 43. Qg3 1/2-1/2

[Event "Online Olym Top DivB 2020"]
[Site "chess.com INT"]
[Date "2020.08.23"]
[Round "8.4"]
[Board "4"]
[White "Nakhbayeva, Guliskhan"]
[Black "Selkirk, Rebecca"]
[Result "1/2-1/2"]
[WhiteTitle "IM"]
[BlackTitle "WCM"]
[WhiteElo "2328"]
[BlackElo "1799"]
[WhiteTeam "Kazakhstan"]
[BlackTeam "South Africa"]
[WhiteFideId "13704788"]
[BlackFideId "14306514"]
[EventDate "2020.08.21"]
[EventType "team"]

1. d4 d5 2. c4 c6 3. Nc3 Nf6 4. e3 Bf5 5. Nf3 e6 6. Be2 Nbd7 7. O-O Be7 8. Nh4
Be4 9. f3 Bg6 10. Nxg6 hxg6 11. cxd5 exd5 12. e4 Qc7 13. e5 Nxe5 14. dxe5 Bc5+
15. Kh1 Nh5 16. Qe1 Qxe5 17. f4 Qe7 18. Bxh5 Rxh5 19. Bd2 Kd7 20. Qxe7+ Kxe7 21.
Rae1+ Kd7 22. h3 Rhh8 23. f5 gxf5 24. Rxf5 f6 25. Rf3 Rae8 26. Rff1 Bd6 27. Be3
b6 28. Bf2 Re7 29. Kg1 Rhe8 30. Rxe7+ Rxe7 31. Rd1 Bb4 32. Re1 Rxe1+ 33. Bxe1 d4
34. Kf1 dxc3 35. bxc3 Bc5 36. Ke2 Ke6 37. Kd3 Kd5 38. c4+ Ke5 39. Bg3+ Kf5 40.
a4 a6 41. Bc7 b5 42. cxb5 cxb5 43. a5 Ke6 44. g4 Kd5 45. h4 b4 46. h5 Kc6 47.
Bd8 Kb5 48. Kc2 Kc4 49. h6 gxh6 50. Bxf6 Be3 51. Bd8 Bg5 52. Bb6 b3+ 53. Kb1 Kb5
54. Kb2 Bd2 55. Kxb3 Bxa5 56. Be3 Bd8 57. Bxh6 a5 58. g5 Bxg5 59. Bxg5 a4+ 60.
Ka2 Kb4 61. Bd2+ Kc4 62. Bc1 a3 63. Bxa3 1/2-1/2

[Event "Online Olym Top DivB 2020"]
[Site "chess.com INT"]
[Date "2020.08.23"]
[Round "8.5"]
[Board "3"]
[White "Buksa, Nataliya"]
[Black "Movsesian, Julia"]
[Result "1/2-1/2"]
[WhiteTitle "IM"]
[BlackTitle "WGM"]
[WhiteElo "2410"]
[BlackElo "2342"]
[WhiteTeam "Ukraine"]
[BlackTeam "Slovakia"]
[WhiteFideId "14123622"]
[BlackFideId "4139690"]
[EventDate "2020.08.21"]
[EventType "team"]

1. e4 e5 2. Nf3 Nc6 3. Bc4 Nf6 4. Ng5 d5 5. exd5 Na5 6. Bb5+ c6 7. dxc6 bxc6 8.
Bd3 Nd5 9. h4 Be7 10. Qf3 Nf6 11. Nc3 O-O 12. b3 Nb7 13. Bb2 Nc5 14. Bf5 a5 15.
a4 Ba6 16. O-O-O g6 17. Be4 Rb8 18. Bxc6 Bd3 19. Bb5 e4 20. Qh3 Rxb5 21. axb5
Nd5 22. Nxh7 Nf4 23. Qe3 Nxg2 24. Qg3 Nf4 25. Nxf8 Qc7 26. h5 Ne2+ 27. Nxe2
Nxb3+ 28. Kb1 Qxc2+ 29. Ka2 Bc4 30. Qc3 Nxd2+ 31. Ka1 Qa4+ 32. Ba3 Bf6 33. Rxd2
Bxc3+ 34. Nxc3 Qxa3+ 35. Na2 Qxf8 36. b6 a4 37. b7 Qb8 38. Rb2 Bb3 39. Nc1 Qxb7
40. Nxb3 axb3 41. hxg6 fxg6 42. Rc1 Qb4 43. Kb1 Kg7 44. Rc7+ Kf6 45. Rc1 Ke5 46.
Rg1 Kf5 47. Re2 Qc3 48. Rg3 Qc4 49. Rd2 g5 50. Kb2 Qc5 51. Rxb3 Qe5+ 52. Kc2 Kf4
53. Re3 Qc5+ 54. Rc3 Qe5 55. Re3 1/2-1/2

[Event "Online Olym Top DivB 2020"]
[Site "chess.com INT"]
[Date "2020.08.23"]
[Round "9.1"]
[Board "1"]
[White "Ftacnik, Lubomir"]
[Black "Van Foreest, Jorden"]
[Result "1/2-1/2"]
[WhiteTitle "GM"]
[BlackTitle "GM"]
[WhiteElo "2510"]
[BlackElo "2682"]
[WhiteTeam "Slovakia"]
[BlackTeam "Netherlands"]
[WhiteFideId "14900017"]
[BlackFideId "1039784"]
[EventDate "2020.08.21"]
[EventType "team"]

1. Nf3 d5 2. e3 Nf6 3. c4 e6 4. Nc3 dxc4 5. Bxc4 a6 6. a4 c5 7. d4 Nc6 8. O-O
Be7 9. Qe2 cxd4 10. Rd1 e5 11. exd4 exd4 12. Nxd4 Nxd4 13. Qe5 Qd6 14. Qxd4 Qxd4
15. Rxd4 O-O 16. Bf4 Bc5 17. Rd2 Be6 18. Bxe6 fxe6 19. Bd6 Rfd8 20. Rad1 Rxd6
21. Rxd6 Bxd6 22. Rxd6 Kf7 23. Rb6 Rb8 24. Kf1 Nd7 25. Rb4 Ke7 26. Ke2 b6 27.
Rc4 Nc5 28. b4 Nd7 29. Ne4 b5 30. axb5 Rxb5 31. f3 a5 32. bxa5 Rxa5 33. Rc2 Ra7
34. Rb2 Nf6 35. Nxf6 Kxf6 36. g3 h6 37. Kf2 1/2-1/2

[Event "Online Olym Top DivB 2020"]
[Site "chess.com INT"]
[Date "2020.08.23"]
[Round "9.1"]
[Board "5"]
[White "Sahidi, Samir"]
[Black "Vrolijk, Liam"]
[Result "1/2-1/2"]
[WhiteTitle "FM"]
[BlackTitle "IM"]
[WhiteElo "2400"]
[BlackElo "2481"]
[WhiteTeam "Slovakia"]
[BlackTeam "Netherlands"]
[WhiteFideId "14936372"]
[BlackFideId "1048333"]
[EventDate "2020.08.21"]
[EventType "team"]

1. d4 Nf6 2. Nf3 g6 3. c4 Bg7 4. g3 O-O 5. Bg2 d6 6. Nc3 c6 7. O-O Bf5 8. Nh4
Be6 9. b3 d5 10. cxd5 cxd5 11. Bb2 Nc6 12. Rc1 Qd7 13. Nf3 Rfd8 14. Ba3 Rac8 15.
e3 Bh3 16. Qd3 Bxg2 17. Kxg2 e6 18. Rc2 Bf8 19. Bxf8 Rxf8 20. a3 Qe7 1/2-1/2

[Event "Online Olym Top DivB 2020"]
[Site "chess.com INT"]
[Date "2020.08.23"]
[Round "9.2"]
[Board "4"]
[White "Buksa, Nataliya"]
[Black "Dauletova, Gulmira"]
[Result "1/2-1/2"]
[WhiteTitle "IM"]
[BlackTitle "WGM"]
[WhiteElo "2410"]
[BlackElo "2319"]
[WhiteTeam "Ukraine"]
[BlackTeam "Kazakhstan"]
[WhiteFideId "14123622"]
[BlackFideId "13702971"]
[EventDate "2020.08.21"]
[EventType "team"]

1. e4 e5 2. Nf3 Nc6 3. Bc4 Bc5 4. c3 Nf6 5. d4 exd4 6. e5 d5 7. Bb5 Ne4 8. cxd4
Bb6 9. Nc3 Bg4 10. Be3 O-O 11. h3 Bh5 12. Qc2 Ba5 13. O-O Bxc3 14. bxc3 Bxf3 15.
gxf3 Ng5 16. Qf5 Ne6 17. Kh2 g6 18. Rg1 Kh8 19. Qg4 f5 20. exf6 Qxf6 21. Rg3 Ne7
22. Bd3 Nf5 23. Rgg1 Nh4 24. Be2 Ng7 25. Qg5 Nxf3+ 26. Bxf3 Qxf3 27. Rg3 Qf5 28.
Qxf5 Nxf5 29. Rg2 Nd6 30. Kg1 Rae8 31. Rb1 b6 32. Bh6 Rf3 33. Rg3 Rf7 34. Re3
Rxe3 35. Bxe3 h5 36. Bg5 Ne4 37. Bh4 Nxc3 38. Re1 Ne4 39. Kg2 g5 40. f3 gxh4 41.
fxe4 dxe4 42. Rxe4 Rd7 43. Rxh4 Rd5 44. Kf3 Kg7 45. Ke4 c6 46. Rf4 Ra5 47. Rf2
Ra3 48. Rh2 Kf6 49. Rf2+ Ke6 50. Rh2 Ra4 51. Rg2 c5 52. Rg6+ Kf7 53. Rh6 Rxd4+
54. Ke5 h4 55. Rh7+ Kg6 56. Rxa7 Rb4 57. Ra8 Rb2 58. a4 Rb3 59. Ra6 Kg5 60. a5
bxa5 61. Rxa5 Re3+ 62. Kd5 Rxh3 63. Rxc5 Rb3 64. Ke4+ Kg4 65. Rc8 Kg3 66. Rg8+
Kh2 67. Kf4 h3 68. Rg7 Kh1 69. Rg8 h2 70. Rg7 Rc3 71. Rg8 Rc1 72. Kf3 Rg1 73.
Rh8 Rg7 74. Ra8 Rg1 75. Kf2 Rg2+ 76. Kf1 Rg1+ 77. Kf2 Rg2+ 1/2-1/2

[Event "Online Olym Top DivB 2020"]
[Site "chess.com INT"]
[Date "2020.08.23"]
[Round "9.4"]
[Board "1"]
[White "Urkedal, Frode Olav Olsen"]
[Black "Banusz, Tamas"]
[Result "1/2-1/2"]
[WhiteTitle "GM"]
[BlackTitle "GM"]
[WhiteElo "2549"]
[BlackElo "2628"]
[WhiteTeam "Norway"]
[BlackTeam "Hungary"]
[WhiteFideId "1506102"]
[BlackFideId "722413"]
[EventDate "2020.08.21"]
[EventType "team"]

1. d4 d5 2. c4 e6 3. Nc3 Nf6 4. cxd5 exd5 5. Bg5 c6 6. e3 Nbd7 7. Bd3 Bd6 8. Qc2
Nf8 9. Bh4 Ng6 10. Bg3 O-O 11. Nge2 Re8 12. Rb1 a5 13. O-O Bxg3 14. Nxg3 Qd6 15.
Rfe1 Nf8 16. f3 Ne6 17. Qf2 g6 18. Rbd1 c5 19. Bb5 Re7 20. dxc5 Qxc5 21. Ba4 Bd7
22. Bb3 Bc6 23. a3 Rd8 24. Ba2 Qb6 25. e4 Qxf2+ 26. Kxf2 dxe4 27. Rxd8+ Nxd8 28.
Ngxe4 Nxe4+ 29. Nxe4 Kf8 30. Rd1 Ne6 31. Bd5 Rd7 32. Nc3 Bxd5 33. Rxd5 Ke7 34.
Ke3 Rxd5 35. Nxd5+ Kd6 36. Nf6 h5 37. h4 Ke5 38. Nd7+ Kd6 39. Nf6 Ke5 40. Nd7+
Kd6 41. Nf6 1/2-1/2

[Event "Online Olym Top DivB 2020"]
[Site "chess.com INT"]
[Date "2020.08.23"]
[Round "9.4"]
[Board "5"]
[White "Abdrlauf, Elham"]
[Black "Kozak, Adam"]
[Result "1/2-1/2"]
[WhiteTitle "FM"]
[BlackTitle "GM"]
[WhiteElo "2373"]
[BlackElo "2503"]
[WhiteTeam "Norway"]
[BlackTeam "Hungary"]
[WhiteFideId "1533533"]
[BlackFideId "753246"]
[EventDate "2020.08.21"]
[EventType "team"]

1. e4 e5 2. Nc3 Nf6 3. Bc4 Nc6 4. d3 Na5 5. Qf3 c6 6. Nge2 Nxc4 7. dxc4 d6 8. h3
Be6 9. b3 Be7 10. Be3 O-O 11. O-O Re8 12. a4 Qa5 13. Rfd1 Rad8 14. Bd2 Qc7 15.
Be3 Qa5 16. Bd2 Qc7 17. Be3 g6 18. a5 Ra8 19. Bg5 Kg7 20. Qe3 Nh5 21. Bxe7 Rxe7
22. g4 Nf6 23. Ng3 h6 24. Kg2 a6 25. f3 Rd8 26. h4 Ng8 27. Rd2 Red7 28. Nd5 cxd5
29. exd5 Bxd5 30. cxd5 Rf8 31. Kh2 Qd8 32. g5 f6 33. gxf6+ Qxf6 34. Kg2 Qxh4 35.
Ra4 Rf4 36. Rxf4 exf4 37. Qd4+ Nf6 38. Ne4 Re7 39. Rd1 Re5 40. Rh1 Rxe4 41. fxe4
Qg3+ 42. Kf1 Qf3+ 43. Kg1 Qg3+ 44. Kf1 Qf3+ 45. Kg1 h5 46. Rh2 Qg3+ 47. Rg2 Qe1+
48. Kh2 Kf7 49. Qb6 Qh4+ 50. Kg1 Qe1+ 51. Kh2 Ng4+ 52. Rxg4 hxg4 53. Qc7+ Kg8
54. Qd8+ Kg7 55. Qe7+ Kh6 56. Qf8+ Kg5 57. Qd8+ Kh5 58. Qh8+ Kg5 59. Qd8+ Kh6
60. Qh8+ Kg5 61. Qd8+ 1/2-1/2

[Event "Online Olym Top DivB 2020"]
[Site "chess.com INT"]
[Date "2020.08.23"]
[Round "9.5"]
[Board "3"]
[White "Afraoui, Anaelle"]
[Black "Mammadzada, Gunay"]
[Result "1/2-1/2"]
[WhiteTitle "WFM"]
[BlackTitle "IM"]
[WhiteElo "2120"]
[BlackElo "2443"]
[WhiteTeam "France"]
[BlackTeam "Azerbaijan"]
[WhiteFideId "20654383"]
[BlackFideId "13403729"]
[EventDate "2020.08.21"]
[EventType "team"]

1. e4 c5 2. Nf3 d6 3. d4 cxd4 4. Nxd4 Nf6 5. Nc3 a6 6. g3 e5 7. Nb3 Be7 8. Bg2
O-O 9. O-O Be6 10. a4 Nbd7 11. Re1 Qc7 12. Nd2 Bd8 13. Nf1 Qc5 14. Be3 Qb4 15.
Qd2 Ba5 16. Rab1 Nb6 17. Bxb6 Bxb6 18. Ne3 Rac8 19. Red1 Rfd8 20. Ncd5 Nxd5 21.
Nxd5 Qxd2 22. Rxd2 Bxd5 23. exd5 f5 24. Bf1 e4 25. Kg2 Re8 26. Rbd1 g5 27. c4 a5
28. b3 Kf7 29. Be2 Kf6 30. g4 f4 31. f3 h5 32. fxe4 Rxe4 33. gxh5 Re3 34. Bg4
Rce8 35. Rd3 R8e4 36. h6 Kg6 37. h7 Re8 38. h8=Q Rxh8 39. Rxe3 Bxe3 40. h3 Kf6
41. Kf3 Ke5 42. Rd3 Re8 43. Be6 Kf6 44. Rd1 Ra8 45. Bd7 Kg6 46. Kg4 Rh8 47. Kf3
Kf6 48. Rh1 Bc5 49. Re1 Be3 50. Rd1 Rh7 51. Bc8 Rc7 52. Bg4 Ke5 53. Be6 Kf6 54.
Kg4 Rh7 55. Kf3 Rc7 56. Kg4 Rh7 57. Kf3 Rc7 1/2-1/2

[Event "Online Olym Top DivB 2020"]
[Site "chess.com INT"]
[Date "2020.08.23"]
[Round "9.5"]
[Board "4"]
[White "Mamedjarova, Turkan"]
[Black "Sebag, Marie"]
[Result "1/2-1/2"]
[WhiteTitle "WGM"]
[BlackTitle "GM"]
[WhiteElo "2309"]
[BlackElo "2438"]
[WhiteTeam "Azerbaijan"]
[BlackTeam "France"]
[WhiteFideId "13402005"]
[BlackFideId "617822"]
[EventDate "2020.08.21"]
[EventType "team"]

1. d4 d5 2. Nf3 Nf6 3. c4 c6 4. cxd5 cxd5 5. Nc3 Nc6 6. Bf4 Bf5 7. e3 e6 8. Bd3
Bxd3 9. Qxd3 Bd6 10. Bxd6 Qxd6 11. O-O O-O 12. a3 Rac8 13. b4 e5 14. dxe5 Nxe5
15. Nxe5 Qxe5 16. Ne2 Ng4 17. Ng3 f5 18. Rad1 Rcd8 19. h3 Nh6 20. Qd4 Qb8 21.
Rc1 Rf7 22. Nh5 Qd6 23. Rfd1 b6 24. a4 f4 25. Nxf4 Rfd7 26. b5 Nf5 27. Qd3 Qe5
28. Ne2 Nh4 29. Qd4 Qg5 30. Ng3 h5 31. Rc6 Rf8 32. e4 Rdf7 33. Qd2 Qe5 34. Nf5
Nxf5 35. exf5 Rxf5 36. f3 Rg5 37. Kh1 Qg3 38. Rc3 d4 39. Rd3 Rf4 40. Qe2 Rh4 41.
f4 Qxf4 42. Rxd4 Qxd4 43. Rxd4 Rxd4 44. Qe8+ Kh7 45. Qe7 Rg6 46. Qxa7 Rd1+ 47.
Kh2 Rd2 48. Qb7 Rd4 49. Qf3 h4 50. Qh5+ Rh6 51. Qf5+ Kg8 52. Qc8+ Kh7 53. Qf5+
Kg8 54. Qc2 Rhd6 55. a5 bxa5 56. Qb3+ Kh7 57. b6 Rb4 58. Qc2+ Rg6 59. Qf2 Rgxb6
60. Qf5+ Rg6 61. Qh5+ Rh6 62. Qf5+ Kg8 63. Qxa5 Rb8 64. Qd5+ Kh8 65. Qe5 Rf8 66.
Qd4 Rff6 67. Qd8+ Kh7 68. Qd3+ Kg8 69. Qd8+ Rf8 70. Qd5+ Kh8 71. Qd4 Rh5 72. Qd2
Rhf5 73. Qd4 Rf4 74. Qd5 g6 75. Qg5 Kg7 76. Qe7+ R8f7 77. Qe5+ Kh7 78. Qg5 Rd4
79. Qe3 Rfd7 80. Qg5 Kg7 81. Qe5+ Kf7 82. Qh8 g5 83. Qh5+ Kf6 84. Qf3+ Kg6 85.
Qc6+ Kf5 86. Qc5+ R4d5 87. Qf2+ Kg6 88. Qf3 Rd4 89. Qc6+ R4d6 90. Qe4+ Kf6 91.
Qf3+ Kg7 92. Qf5 Rd5 93. Qe6 R7d6 94. Qe7+ Kg6 95. Qe4+ Kf6 96. Qf3+ Rf5 97.
Qc3+ Ke6 98. Qc4+ Kd7 99. Qe4 Rdd5 100. Qa4+ Kd6 101. Qa7 Ke5 102. Qe3+ Kf6 103.
Qb6+ Ke7 104. Qa7+ Rd7 105. Qe3+ Kf6 106. Qe8 Rdd5 107. Qh8+ Ke6 108. Qc8+ Ke5
109. Qc3+ Ke4 110. Qe1+ Kd3 111. Qd1+ Kc4 112. Qc2+ Kb5 113. Qb3+ Kc6 114. Qc4+
Rc5 115. Qe6+ Kb5 116. Qb3+ Ka6 117. Qe6+ Ka5 118. Qa2+ Kb6 119. Qe6+ Kb5 120.
Qb3+ Kc6 121. Qe6+ Kc7 122. Qe7+ Kb6 123. Qe6+ Ka5 124. Qa2+ Kb4 125. Qb2+ Kc4
126. Qc2+ Kd4 127. Qd2+ Ke5 128. Qb2+ Ke6 129. Qb6+ Kf7 130. Qb3+ Kg7 131. Qb7+
Kg6 132. Qe4 Re5 1/2-1/2

[Event "Online Olym Top DivB 2020"]
[Site "chess.com INT"]
[Date "2020.08.23"]
[Round "9.5"]
[Board "5"]
[White "Bressy, Theo"]
[Black "Suleymanli, Aydin"]
[Result "1/2-1/2"]
[WhiteTitle "FM"]
[BlackTitle "IM"]
[WhiteElo "2289"]
[BlackElo "2512"]
[WhiteTeam "France"]
[BlackTeam "Azerbaijan"]
[WhiteFideId "26022842"]
[BlackFideId "13413937"]
[EventDate "2020.08.21"]
[EventType "team"]

1. e4 c6 2. d4 d5 3. Nc3 dxe4 4. Nxe4 Bf5 5. Ng3 Bg6 6. Nh3 e6 7. Nf4 Bd6 8. h4
Qc7 9. Nxg6 hxg6 10. Ne4 Nf6 11. Nxd6+ Qxd6 12. c3 Nbd7 13. g3 Qd5 14. Rg1 O-O-O
15. Bg2 Qf5 16. Qa4 e5 17. Be3 exd4 18. cxd4 a6 19. Bxc6 Nb6 20. Qb3 Nfd5 21.
Bxd5 Nxd5 22. Rc1+ Kb8 23. Rc5 Rhe8 24. Ke2 Qg4+ 25. Kd2 Nxe3 26. fxe3 Rxd4+ 27.
Kc1 Rd7 28. Kb1 Qe4+ 29. Rc2 Rd3 30. Qb6 Rxe3 31. Qc7+ Ka8 32. Rc1 Qe7 33. Qf4
Qe6 34. a3 Re4 35. Qf2 f5 36. Rc7 Rd8 37. Qc5 Re3 38. Ka1 Re1 39. Rxe1 Qxe1+ 40.
Ka2 Qe6+ 41. Qc4 Qxc4+ 42. Rxc4 Kb8 43. Rc3 Rd4 44. Re3 Rg4 45. Kb3 Kc7 46. Re7+
Kc6 47. Rxg7 Rxg3+ 48. Kc4 Rg4+ 49. Kc3 b5 50. b4 Kd5 51. Ra7 Rxh4 52. Rxa6 g5
53. Ra5 Rh3+ 54. Kd2 Kc4 55. a4 g4 56. Rxb5 f4 57. Rf5 Rf3 58. b5 g3 59. Rg5 Kd4
60. b6 Rb3 61. a5 Rb2+ 62. Kc1 Rb4 63. Kd2 Ke4 64. Kc3 Rb1 65. Kc2 Rb4 66. Kc3
Rb1 67. Kc2 Rb4 68. Kc3 1/2-1/2